[Event "2025 National K-12 Grade Championship"]
[Site "Spokane, WI USA, United States"]
[Date "2025.12.14"]
[Round "7.1"]
[White "Sloan, Jed"]
[Black "Liang, Yu-Cheng"]
[Result "1/2-1/2"]
[TimeControl "G/90; d10"]
[WhiteTitle "CM"]
[BlackTitle "CM"]
[WhiteFideId "30932289"]
[BlackFideId "30958121"]
[WhiteElo "2202"]
[BlackElo "2200"]

1. e4 {[%clk 01:30:00]} c6 {[%clk 01:30:00]} {[%emt 00:00:09]} 2. d4 {[%clk
01:30:00]} {[%emt 00:00:04]} d5 {[%clk 01:30:00]} {[%emt 00:00:04]} 3. e5
{[%clk 01:30:00]} {[%emt 00:00:05]} Bf5 {[%clk 01:30:00]} {[%emt 00:00:04]} 4.
Bd3 {[%clk 01:30:00]} {[%emt 00:00:10]} Bxd3 {[%clk 01:25:40]} {[%emt
00:04:30]} 5. Qxd3 {[%clk 01:30:00]} {[%emt 00:00:06]} e6 {[%clk 01:25:40]}
{[%emt 00:00:07]} 6. Ne2 {[%clk 01:29:58]} {[%emt 00:00:13]} Nd7 {[%clk
01:23:08]} {[%emt 00:02:43]} 7. O-O {[%clk 01:29:46]} {[%emt 00:00:21]} Ne7
{[%clk 01:20:22]} {[%emt 00:02:57]} 8. Nd2 {[%clk 01:28:52]} {[%emt 00:01:03]}
c5 {[%clk 01:16:56]} {[%emt 00:03:37]} 9. c3 {[%clk 01:28:42]} {[%emt
00:00:20]} Nc6 {[%clk 01:13:12]} {[%emt 00:03:54]} 10. Qg3 {[%clk 01:28:21]}
{[%emt 00:00:30]} g6 {[%clk 01:08:31]} {[%emt 00:04:51]} 11. Nf3 {[%clk
01:23:12]} {[%emt 00:05:20]} Qb6 {[%clk 01:04:11]} {[%emt 00:04:30]} 12. h4
{[%clk 01:14:15]} {[%emt 00:09:07]} cxd4 {[%clk 00:59:18]} {[%emt 00:05:03]} 13.
cxd4 {[%clk 01:13:55]} {[%emt 00:00:30]} Ne7 {[%clk 00:59:07]} {[%emt
00:00:21]} 14. h5 {[%clk 01:05:32]} {[%emt 00:08:33]} h6 {[%clk 00:54:49]}
{[%emt 00:04:27]} 15. Bd2 {[%clk 00:59:12]} {[%emt 00:06:30]} O-O-O {[%clk
00:51:58]} {[%emt 00:03:02]} 16. b4 {[%clk 00:55:35]} {[%emt 00:03:48]} Kb8
{[%clk 00:49:23]} {[%emt 00:02:43]} 17. Rfb1 {[%clk 00:52:05]} {[%emt
00:03:41]} Rc8 {[%clk 00:45:24]} {[%emt 00:04:09]} 18. b5 {[%clk 00:49:51]}
{[%emt 00:02:23]} Rg8 {[%clk 00:40:16]} {[%emt 00:05:17]} 19. Qh3 {[%clk
00:42:33]} {[%emt 00:07:30]} Qd8 {[%clk 00:35:08]} {[%emt 00:05:17]} 20. Kh1
{[%clk 00:33:59]} {[%emt 00:08:45]} 1/2-1/2

[Event "2025 National K-12 Grade Championship"]
[Site "Spokane, WI USA, United States"]
[Date "2025.12.14"]
[Round "7.2"]
[White "Safranek, William"]
[Black "Singi, Advay"]
[Result "1-0"]
[TimeControl "G/90; d10"]
[WhiteTitle "FM"]
[WhiteFideId "30919908"]
[BlackFideId "39903141"]
[WhiteElo "2343"]
[BlackElo "1987"]

1. e4 {[%clk 01:27:59]} {[%emt 00:02:10]} e5 {[%clk 01:30:00]} {[%emt
00:00:07]} 2. Nf3 {[%clk 01:27:59]} {[%emt 00:00:06]} Nc6 {[%clk 01:30:00]}
{[%emt 00:00:05]} 3. Bc4 {[%clk 01:27:59]} {[%emt 00:00:04]} Nf6 {[%clk
01:30:00]} {[%emt 00:00:06]} 4. d4 {[%clk 01:27:59]} {[%emt 00:00:08]} exd4
{[%clk 01:29:59]} {[%emt 00:00:11]} 5. e5 {[%clk 01:27:59]} {[%emt 00:00:04]}
Ne4 {[%clk 01:29:45]} {[%emt 00:00:24]} 6. O-O {[%clk 01:27:54]} {[%emt
00:00:16]} d5 {[%clk 01:29:45]} {[%emt 00:00:08]} 7. exd6 {[%clk 01:24:48]}
{[%emt 00:03:17]} Nxd6 {[%clk 01:29:45]} {[%emt 00:00:05]} 8. Bd5 {[%clk
01:24:01]} {[%emt 00:00:57]} Be7 {[%clk 01:29:41]} {[%emt 00:00:14]} 9. Nxd4
{[%clk 01:19:15]} {[%emt 00:04:57]} Nxd4 {[%clk 01:29:23]} {[%emt 00:00:28]} 10.
Qxd4 {[%clk 01:19:15]} {[%emt 00:00:03]} O-O {[%clk 01:29:22]} {[%emt
00:00:11]} 11. Nc3 {[%clk 01:17:51]} {[%emt 00:01:34]} Bf6 {[%clk 01:25:18]}
{[%emt 00:04:14]} 12. Qd1 {[%clk 01:17:01]} {[%emt 00:01:00]} c6 {[%clk
01:23:21]} {[%emt 00:02:06]} 13. Bb3 {[%clk 01:16:58]} {[%emt 00:00:14]} Nf5
{[%clk 01:17:58]} {[%emt 00:05:32]} 14. Ne4 {[%clk 01:13:27]} {[%emt 00:03:42]}
Be5 {[%clk 01:07:14]} {[%emt 00:10:54]} 15. f4 {[%clk 01:07:32]} {[%emt
00:06:05]} Qxd1 {[%clk 01:00:29]} {[%emt 00:06:55]} 16. Rxd1 {[%clk 01:07:32]}
{[%emt 00:00:03]} Bd4+ {[%clk 01:00:24]} {[%emt 00:00:15]} 17. Kh1 {[%clk
01:07:32]} {[%emt 00:00:07]} Bb6 {[%clk 01:00:17]} {[%emt 00:00:18]} 18. c3
{[%clk 01:02:09]} {[%emt 00:05:33]} Ne3 {[%clk 00:38:27]} {[%emt 00:21:59]} 19.
Bxe3 {[%clk 00:54:16]} {[%emt 00:08:04]} Bxe3 {[%clk 00:38:27]} {[%emt
00:00:06]} 20. Re1 {[%clk 00:53:27]} {[%emt 00:01:00]} Bxf4 {[%clk 00:34:59]}
{[%emt 00:03:38]} 21. Rf1 {[%clk 00:53:26]} {[%emt 00:00:12]} Be5 {[%clk
00:33:39]} {[%emt 00:01:30]} 22. Rxf7 {[%clk 00:53:12]} {[%emt 00:00:23]} Rxf7
{[%clk 00:33:25]} {[%emt 00:00:23]} 23. Rf1 {[%clk 00:53:12]} {[%emt 00:00:06]}
Kf8 {[%clk 00:30:05]} {[%emt 00:03:31]} 24. Rxf7+ {[%clk 00:53:07]} {[%emt
00:00:14]} Ke8 {[%clk 00:30:05]} {[%emt 00:00:09]} 25. Nc5 {[%clk 00:45:22]}
{[%emt 00:07:56]} b6 {[%clk 00:29:37]} {[%emt 00:00:38]} 26. Nd3 {[%clk
00:45:22]} {[%emt 00:00:07]} Bf6 {[%clk 00:29:23]} {[%emt 00:00:24]} 27. Nf4
{[%clk 00:44:56]} {[%emt 00:00:36]} Bg4 {[%clk 00:27:38]} {[%emt 00:01:55]} 28.
h3 {[%clk 00:39:11]} {[%emt 00:05:56]} Bd1 {[%clk 00:27:13]} {[%emt 00:00:35]}
29. Be6 {[%clk 00:38:09]} {[%emt 00:01:13]} Be5 {[%clk 00:20:49]} {[%emt
00:06:34]} 30. Nd3 {[%clk 00:37:55]} {[%emt 00:00:24]} Bf6 {[%clk 00:20:49]}
{[%emt 00:00:05]} 31. Nb4 {[%clk 00:35:52]} {[%emt 00:02:13]} Ba4 {[%clk
00:14:37]} {[%emt 00:06:21]} 32. Na6 {[%clk 00:35:26]} {[%emt 00:00:37]} Be5
{[%clk 00:12:53]} {[%emt 00:01:53]} 33. Nc7+ {[%clk 00:33:57]} {[%emt
00:01:39]} Bxc7 {[%clk 00:12:53]} {[%emt 00:00:02]} 34. Rxc7 {[%clk 00:33:57]}
{[%emt 00:00:03]} Bc2 {[%clk 00:12:33]} {[%emt 00:00:29]} 35. Rxg7 {[%clk
00:30:42]} {[%emt 00:03:26]} Rd8 {[%clk 00:12:33]} {[%emt 00:00:04]} 36. Bg4
{[%clk 00:25:26]} {[%emt 00:05:26]} a5 {[%clk 00:11:36]} {[%emt 00:01:07]} 37.
Bf3 {[%clk 00:21:01]} {[%emt 00:04:35]} Rd6 {[%clk 00:11:33]} {[%emt 00:00:13]}
38. Rb7 {[%clk 00:18:52]} {[%emt 00:02:19]} c5 {[%clk 00:11:33]} {[%emt
00:00:07]} 39. Kh2 {[%clk 00:18:43]} {[%emt 00:00:20]} Kd8 {[%clk 00:09:16]}
{[%emt 00:02:26]} 40. Kg3 {[%clk 00:16:58]} {[%emt 00:01:55]} h6 {[%clk
00:09:07]} {[%emt 00:00:21]} 41. Kf4 {[%clk 00:16:27]} {[%emt 00:00:39]} Kc8
{[%clk 00:08:38]} {[%emt 00:00:39]} 42. Ke5 {[%clk 00:15:17]} {[%emt 00:01:21]}
Rg6 {[%clk 00:08:38]} {[%emt 00:00:06]} 43. h4 {[%clk 00:14:01]} {[%emt
00:01:26]} Bd1 {[%clk 00:08:16]} {[%emt 00:00:32]} 44. Be4 {[%clk 00:12:50]}
{[%emt 00:01:21]} 1-0

[Event "2025 National K-12 Grade Championship"]
[Site "Spokane, WI USA, United States"]
[Date "2025.12.14"]
[Round "7.3"]
[White "Chakravarty, Aritro"]
[Black "Silva, Javier"]
[Result "1/2-1/2"]
[TimeControl "G/90; d10"]
[WhiteFideId "30976847"]
[BlackFideId "30958636"]
[WhiteElo "2234"]
[BlackElo "2185"]

1. d4 {[%clk 01:29:52]} {[%emt 00:00:17]} d5 {[%clk 01:18:55]} {[%emt
00:11:07]} 2. c4 {[%clk 01:29:48]} {[%emt 00:00:22]} c6 {[%clk 01:18:55]}
{[%emt 00:00:11]} 3. Nf3 {[%clk 01:29:48]} {[%emt 00:00:02]} Nf6 {[%clk
01:18:55]} {[%emt 00:00:06]} 4. g3 {[%clk 01:29:48]} {[%emt 00:00:02]} e6
{[%clk 01:17:44]} {[%emt 00:01:20]} 5. Bg2 {[%clk 01:29:48]} {[%emt 00:00:04]}
b6 {[%clk 01:16:12]} {[%emt 00:01:43]} 6. O-O {[%clk 01:29:27]} {[%emt
00:00:31]} Bb7 {[%clk 01:15:42]} {[%emt 00:00:40]} 7. b3 {[%clk 01:28:54]}
{[%emt 00:00:42]} Nbd7 {[%clk 01:14:30]} {[%emt 00:01:21]} 8. Bb2 {[%clk
01:28:53]} {[%emt 00:00:12]} Be7 {[%clk 01:12:50]} {[%emt 00:01:50]} 9. Nc3
{[%clk 01:28:53]} {[%emt 00:00:04]} O-O {[%clk 01:11:43]} {[%emt 00:01:17]} 10.
Qc2 {[%clk 01:28:53]} {[%emt 00:00:02]} c5 {[%clk 01:04:06]} {[%emt 00:07:47]}
11. cxd5 {[%clk 01:28:53]} {[%emt 00:00:05]} Nxd5 {[%clk 00:58:06]} {[%emt
00:06:09]} 12. Nxd5 {[%clk 01:28:53]} {[%emt 00:00:02]} Bxd5 {[%clk 00:56:52]}
{[%emt 00:01:25]} 13. e4 {[%clk 01:28:53]} {[%emt 00:00:03]} Bb7 {[%clk
00:56:51]} {[%emt 00:00:11]} 14. d5 {[%clk 01:28:53]} {[%emt 00:00:03]} exd5
{[%clk 00:54:10]} {[%emt 00:02:51]} 15. exd5 {[%clk 01:28:53]} {[%emt
00:00:10]} Bf6 {[%clk 00:45:25]} {[%emt 00:08:55]} 16. Rad1 {[%clk 01:26:25]}
{[%emt 00:02:38]} Re8 {[%clk 00:43:34]} {[%emt 00:02:01]} 17. h4 {[%clk
01:21:55]} {[%emt 00:04:40]} Bxb2 {[%emt 00:07:26]} 1/2-1/2

[Event "2025 National K-12 Grade Championship"]
[Site "Spokane, WI USA, United States"]
[Date "2025.12.14"]
[Round "7.4"]
[White "Tripathi, Amogh"]
[Black "Garine, Ujwal"]
[Result "1-0"]
[TimeControl "G/90; d10"]
[WhiteFideId "30980631"]
[BlackFideId "30990629"]
[WhiteElo "2221"]
[BlackElo "1935"]

1. Nf3 {[%clk 01:26:09]} {[%emt 00:03:59]} Nf6 {[%clk 01:29:52]} {[%emt
00:00:19]} 2. g3 {[%clk 01:26:09]} {[%emt 00:00:06]} e6 {[%clk 01:29:16]}
{[%emt 00:00:46]} 3. Bg2 {[%clk 01:26:09]} {[%emt 00:00:06]} d5 {[%clk
01:29:09]} {[%emt 00:00:16]} 4. O-O {[%clk 01:26:09]} {[%emt 00:00:11]} b6
{[%clk 01:29:04]} {[%emt 00:00:16]} 5. b3 {[%clk 01:24:52]} {[%emt 00:01:26]}
Bb7 {[%clk 01:29:04]} {[%emt 00:00:07]} 6. Bb2 {[%clk 01:24:52]} {[%emt
00:00:06]} Be7 {[%clk 01:29:04]} {[%emt 00:00:08]} 7. c4 {[%clk 01:22:05]}
{[%emt 00:02:58]} c5 {[%clk 01:27:43]} {[%emt 00:01:30]} 8. d3 {[%clk
01:17:59]} {[%emt 00:04:16]} Nbd7 {[%clk 01:26:22]} {[%emt 00:01:31]} 9. Nbd2
{[%clk 01:16:41]} {[%emt 00:01:28]} O-O {[%clk 01:25:57]} {[%emt 00:00:36]} 10.
Re1 {[%clk 01:15:35]} {[%emt 00:01:15]} d4 {[%clk 01:24:10]} {[%emt 00:01:57]}
11. e4 {[%clk 01:07:23]} {[%emt 00:08:22]} e5 {[%clk 01:19:09]} {[%emt
00:05:11]} 12. Nf1 {[%clk 01:07:01]} {[%emt 00:00:32]} Qc7 {[%clk 01:12:22]}
{[%emt 00:06:57]} 13. h4 {[%clk 00:58:48]} {[%emt 00:08:23]} Rfe8 {[%clk
01:01:46]} {[%emt 00:10:47]} 14. Bc1 {[%clk 00:53:49]} {[%emt 00:05:08]} Bd6
{[%clk 00:59:06]} {[%emt 00:02:49]} 15. h5 {[%clk 00:51:52]} {[%emt 00:02:08]}
Nxh5 {[%clk 00:57:53]} {[%emt 00:01:23]} 16. Nxd4 {[%clk 00:51:27]} {[%emt
00:00:36]} cxd4 {[%clk 00:55:21]} {[%emt 00:02:42]} 17. Qxh5 {[%clk 00:51:13]}
{[%emt 00:00:23]} Nc5 {[%clk 00:52:27]} {[%emt 00:03:04]} 18. Rd1 {[%clk
00:49:14]} {[%emt 00:02:08]} Ne6 {[%clk 00:52:27]} {[%emt 00:00:05]} 19. Nh2
{[%clk 00:46:36]} {[%emt 00:02:47]} Nf8 {[%clk 00:51:29]} {[%emt 00:01:08]} 20.
Ng4 {[%clk 00:44:59]} {[%emt 00:01:47]} Bc8 {[%clk 00:51:18]} {[%emt 00:00:22]}
21. Bf3 {[%clk 00:42:54]} {[%emt 00:02:14]} Bxg4 {[%clk 00:48:07]} {[%emt
00:03:21]} 22. Bxg4 {[%clk 00:37:37]} {[%emt 00:05:27]} f6 {[%clk 00:46:57]}
{[%emt 00:01:20]} 23. Kg2 {[%clk 00:36:59]} {[%emt 00:00:49]} a5 {[%clk
00:44:04]} {[%emt 00:03:04]} 24. Rb1 {[%clk 00:33:08]} {[%emt 00:04:00]} Qe7
{[%clk 00:41:12]} {[%emt 00:03:02]} 25. Bd2 {[%clk 00:28:10]} {[%emt 00:05:09]}
Qf7 {[%clk 00:37:54]} {[%emt 00:03:26]} 26. Qh3 {[%clk 00:27:38]} {[%emt
00:00:42]} Qc7 {[%clk 00:26:10]} {[%emt 00:11:55]} 27. Rf1 {[%clk 00:25:11]}
{[%emt 00:02:38]} g5 {[%clk 00:22:41]} {[%emt 00:03:39]} 28. Bf5 {[%clk
00:24:21]} {[%emt 00:01:00]} Ra7 {[%clk 00:22:35]} {[%emt 00:00:15]} 29. Rh1
{[%clk 00:23:59]} {[%emt 00:00:32]} Bb4 {[%clk 00:20:06]} {[%emt 00:02:39]} 30.
Bc1 {[%clk 00:23:14]} {[%emt 00:00:55]} Bd6 {[%clk 00:19:11]} {[%emt 00:01:06]}
31. Qg4 {[%clk 00:22:26]} {[%emt 00:00:56]} Re7 {[%clk 00:18:53]} {[%emt
00:00:28]} 32. Bd2 {[%clk 00:19:40]} {[%emt 00:02:57]} Bb4 {[%clk 00:18:30]}
{[%emt 00:00:34]} 33. Bc1 {[%clk 00:19:40]} Bd6 {[%clk 00:18:18]} {[%emt
00:00:22]} 34. Rh6 {[%clk 00:18:51]} {[%emt 00:00:59]} Rf7 {[%clk 00:18:04]}
{[%emt 00:00:24]} 35. Bb2 {[%clk 00:17:52]} {[%emt 00:01:09]} a4 {[%clk
00:15:36]} {[%emt 00:02:40]} 36. b4 {[%clk 00:16:48]} {[%emt 00:01:14]} a3
{[%clk 00:15:12]} {[%emt 00:00:34]} 37. Bc1 {[%clk 00:16:48]} {[%emt 00:00:02]}
Ra4 {[%clk 00:14:56]} {[%emt 00:00:25]} 38. Bd2 {[%clk 00:16:48]} {[%emt
00:00:03]} Qe7 {[%clk 00:14:40]} {[%emt 00:00:25]} 39. Rhh1 {[%clk 00:15:43]}
{[%emt 00:01:15]} Rg7 {[%clk 00:13:03]} {[%emt 00:01:47]} 40. Rh6 {[%clk
00:14:23]} {[%emt 00:01:30]} Ng6 {[%clk 00:11:57]} {[%emt 00:01:17]} 41. Bxg6
{[%clk 00:13:32]} {[%emt 00:01:01]} Rxg6 {[%clk 00:10:55]} {[%emt 00:01:11]} 42.
Rxg6+ {[%clk 00:13:24]} {[%emt 00:00:18]} hxg6 {[%clk 00:10:55]} {[%emt
00:00:08]} 43. Qc8+ {[%clk 00:13:16]} {[%emt 00:00:19]} Kg7 {[%clk 00:06:47]}
{[%emt 00:04:20]} 44. Rh1 {[%clk 00:12:35]} 1-0

[Event "2025 National K-12 Grade Championship"]
[Site "Spokane, WI USA, United States"]
[Date "2025.12.14"]
[Round "7.6"]
[White "Nandhakumar, Vaseegaran"]
[Black "Min, Ryan"]
[Result "0-1"]
[TimeControl "G/90; d10"]
[WhiteClock "00:00:01"]
[BlackClock "00:00:54"]
[WhiteTitle "FM"]
[WhiteFideId "30946409"]
[BlackFideId "30951755"]
[WhiteElo "2177"]
[BlackElo "2132"]

1. e3 {[%clk 01:26:56]} {[%emt 00:03:14]} Nf6 {[%clk 01:29:57]} {[%emt
00:00:13]} 2. Nf3 {[%clk 01:26:56]} {[%emt 00:00:08]} g6 {[%clk 01:29:57]}
{[%emt 00:00:09]} 3. b4 {[%clk 01:26:56]} {[%emt 00:00:08]} Bg7 {[%clk
01:29:33]} {[%emt 00:00:35]} 4. Bb2 {[%clk 01:26:56]} {[%emt 00:00:03]} O-O
{[%clk 01:29:23]} {[%emt 00:00:18]} 5. c4 {[%clk 01:26:56]} {[%emt 00:00:09]}
d6 {[%clk 01:29:23]} {[%emt 00:00:06]} 6. d4 {[%clk 01:25:54]} {[%emt
00:01:11]} e5 {[%clk 01:27:34]} {[%emt 00:02:00]} 7. Be2 {[%clk 01:25:36]}
{[%emt 00:00:26]} e4 {[%clk 01:24:30]} {[%emt 00:03:15]} 8. Nfd2 {[%clk
01:25:36]} {[%emt 00:00:05]} Re8 {[%clk 01:24:30]} {[%emt 00:00:09]} 9. Nc3
{[%clk 01:25:36]} {[%emt 00:00:07]} h5 {[%clk 01:24:30]} {[%emt 00:00:11]} 10.
a4 {[%clk 01:25:30]} {[%emt 00:00:16]} Bf5 {[%clk 01:22:49]} {[%emt 00:01:51]}
11. a5 {[%clk 01:25:30]} {[%emt 00:00:10]} Nbd7 {[%clk 01:17:45]} {[%emt
00:05:13]} 12. b5 {[%clk 01:23:10]} {[%emt 00:02:30]} Nf8 {[%clk 01:14:33]}
{[%emt 00:03:23]} 13. a6 {[%clk 01:21:34]} {[%emt 00:01:45]} b6 {[%clk
01:12:33]} {[%emt 00:02:10]} 14. c5 {[%clk 01:18:30]} {[%emt 00:03:14]} bxc5
{[%clk 01:10:06]} {[%emt 00:02:37]} 15. dxc5 {[%clk 01:18:29]} {[%emt
00:00:12]} Ne6 {[%clk 01:02:36]} {[%emt 00:07:39]} 16. cxd6 {[%clk 01:16:47]}
{[%emt 00:01:50]} cxd6 {[%clk 01:02:36]} {[%emt 00:00:13]} 17. Nb3 {[%clk
01:05:50]} {[%emt 00:11:07]} h4 {[%clk 01:00:00]} {[%emt 00:02:46]} 18. g4
{[%clk 00:53:42]} {[%emt 00:12:17]} hxg3 {[%clk 00:58:56]} {[%emt 00:01:15]} 19.
hxg3 {[%clk 00:53:42]} Ng5 {[%clk 00:55:02]} {[%emt 00:04:04]} 20. Nd5 {[%clk
00:52:10]} {[%emt 00:01:41]} Nxd5 {[%clk 00:40:48]} {[%emt 00:14:25]} 21. Bxg7
{[%clk 00:52:10]} {[%emt 00:00:08]} Kxg7 {[%clk 00:40:14]} {[%emt 00:00:44]} 22.
Qxd5 {[%clk 00:52:00]} {[%emt 00:00:20]} Qf6 {[%clk 00:40:08]} {[%emt
00:00:17]} 23. Qd4 {[%clk 00:51:24]} {[%emt 00:00:46]} Re5 {[%clk 00:38:15]}
{[%emt 00:02:03]} 24. Na5 {[%clk 00:40:14]} {[%emt 00:11:19]} Bd7 {[%clk
00:32:14]} {[%emt 00:06:11]} 25. Rb1 {[%clk 00:22:48]} {[%emt 00:17:36]} Nf3+
{[%clk 00:24:26]} {[%emt 00:07:58]} 26. Bxf3 {[%clk 00:22:46]} {[%emt
00:00:11]} Qxf3 {[%clk 00:24:26]} {[%emt 00:00:08]} 27. Rh4 {[%clk 00:19:52]}
{[%emt 00:03:04]} Bg4 {[%clk 00:20:45]} {[%emt 00:03:51]} 28. Rxg4 {[%clk
00:19:22]} {[%emt 00:00:40]} Qh1+ {[%clk 00:20:02]} {[%emt 00:00:53]} 29. Kd2
{[%clk 00:18:41]} {[%emt 00:00:51]} Qxb1 {[%clk 00:20:02]} {[%emt 00:00:04]} 30.
Nc4 {[%clk 00:13:08]} {[%emt 00:05:44]} Qb4+ {[%clk 00:14:45]} {[%emt
00:05:27]} 31. Ke2 {[%clk 00:06:54]} {[%emt 00:06:24]} Qxb5 {[%clk 00:13:13]}
{[%emt 00:01:43]} 32. Rxe4 {[%clk 00:06:35]} {[%emt 00:00:29]} Kg8 {[%clk
00:11:08]} {[%emt 00:02:15]} 33. Rh4 {[%clk 00:05:46]} {[%emt 00:00:59]} Rc8
{[%clk 00:10:11]} {[%emt 00:01:06]} 34. Qd3 {[%clk 00:02:31]} {[%emt 00:03:25]}
Rh5 {[%clk 00:08:49]} {[%emt 00:01:33]} 35. Rg4 {[%clk 00:02:00]} {[%emt
00:00:41]} Qf5 {[%clk 00:07:42]} {[%emt 00:01:16]} 36. Qxf5 {[%clk 00:01:32]}
{[%emt 00:00:38]} Rxf5 {[%clk 00:07:42]} {[%emt 00:00:04]} 37. Rd4 {[%clk
00:01:32]} d5 {[%clk 00:06:56]} {[%emt 00:00:56]} 38. g4 {[%clk 00:01:29]}
{[%emt 00:00:12]} Rf6 {[%clk 00:06:33]} {[%emt 00:00:33]} 39. Ne5 {[%clk
00:01:22]} {[%emt 00:00:17]} Rxa6 {[%clk 00:06:12]} {[%emt 00:00:32]} 40. Rxd5
{[%clk 00:01:22]} Rc2+ {[%clk 00:06:00]} {[%emt 00:00:22]} 41. Kf3 {[%clk
00:01:07]} {[%emt 00:00:25]} Rf6+ {[%clk 00:05:57]} {[%emt 00:00:13]} 42. Ke4
{[%clk 00:01:07]} {[%emt 00:00:02]} Rfxf2 {[%clk 00:05:54]} {[%emt 00:00:12]}
43. Rd7 {[%clk 00:01:07]} {[%emt 00:00:06]} a5 {[%clk 00:05:18]} {[%emt
00:00:45]} 44. Ra7 {[%clk 00:01:07]} {[%emt 00:00:02]} Ra2 {[%clk 00:04:28]}
{[%emt 00:01:01]} 45. Nd7 {[%clk 00:00:50]} {[%emt 00:00:26]} a4 {[%clk
00:04:17]} {[%emt 00:00:22]} 46. g5 {[%clk 00:00:50]} {[%emt 00:00:07]} Rf5
{[%clk 00:04:02]} {[%emt 00:00:23]} 47. Nf6+ {[%clk 00:00:06]} {[%emt
00:00:55]} Kg7 {[%clk 00:04:02]} {[%emt 00:00:07]} 48. Ne8+ {[%clk 00:00:06]}
Kf8 {[%clk 00:04:02]} {[%emt 00:00:08]} 49. Nd6 {[%clk 00:00:06]} Rxg5 {[%clk
00:03:56]} {[%emt 00:00:16]} 50. Rxf7+ {[%clk 00:00:06]} {[%emt 00:00:03]} Kg8
{[%clk 00:03:56]} {[%emt 00:00:02]} 51. Ra7 {[%clk 00:00:06]} Rg3 {[%clk
00:03:23]} {[%emt 00:00:43]} 52. Kf4 {[%clk 00:00:06]} {[%emt 00:00:12]} Rgg2
{[%clk 00:03:23]} {[%emt 00:00:08]} 53. e4 {[%clk 00:00:06]} {[%emt 00:00:05]}
a3 {[%clk 00:03:23]} {[%emt 00:00:07]} 54. Ke5 {[%clk 00:00:01]} {[%emt
00:00:15]} Rg3 {[%clk 00:02:56]} {[%emt 00:00:36]} 55. Ke6 {[%clk 00:00:01]}
{[%emt 00:00:04]} Rf2 {[%clk 00:02:51]} {[%emt 00:00:15]} 56. e5 {[%clk
00:00:01]} {[%emt 00:00:03]} a2 {[%clk 00:02:47]} {[%emt 00:00:13]} 57. Ne4
{[%clk 00:00:01]} {[%emt 00:00:02]} Rg1 {[%clk 00:01:54]} {[%emt 00:01:02]} 58.
Nxf2 {[%clk 00:00:01]} {[%emt 00:00:02]} a1=Q {[%emt 00:00:03]} 59. Rxa1 {[%clk
00:00:01]} {[%emt 00:00:02]} Rxa1 {[%clk 00:01:54]} {[%emt 00:00:02]} 60. Ne4
{[%clk 00:00:01]} {[%emt 00:00:05]} Rf1 {[%clk 00:01:45]} {[%emt 00:00:18]} 61.
Kd6 {[%clk 00:00:01]} {[%emt 00:00:05]} Rf4 {[%clk 00:01:30]} {[%emt 00:00:25]}
62. Nf6+ {[%clk 00:00:01]} {[%emt 00:00:05]} Kf7 {[%clk 00:01:28]} {[%emt
00:00:12]} 63. Nd5 {[%clk 00:00:01]} {[%emt 00:00:01]} Re4 {[%clk 00:01:17]}
{[%emt 00:00:20]} 64. Nc7 {[%clk 00:00:01]} {[%emt 00:00:02]} Rd4+ {[%clk
00:00:55]} {[%emt 00:00:32]} 65. Nd5 {[%emt 00:00:01]} Re4 {[%clk 00:00:55]}
{[%emt 00:00:09]} 66. Nc7 {[%clk 00:00:01]} g5 {[%clk 00:00:54]} {[%emt
00:00:11]} 67. e6+ {[%clk 00:00:01]} {[%emt 00:00:02]} Kf8 {[%clk 00:00:54]}
{[%emt 00:00:03]} 68. e7+ {[%clk 00:00:01]} {[%emt 00:00:04]} Rxe7 {[%clk
00:00:54]} {[%emt 00:00:05]} 69. Ne6+ {[%clk 00:00:01]} Rxe6+ {[%clk 00:00:54]}
{[%emt 00:00:02]} 0-1